All Disney Movies - Statistics

General Stats
  • This quiz has been taken 69 times
  • The average score is 53 of 151
Answer Stats
Hint Answer % Correct
1937 Snow White
93%
1950 Cinderella
85%
1992 Aladdin
82%
1940 Fantasia
80%
1991 Beauty and the Beast
76%
1940 Pinocchio
76%
1967 The Jungle Book
76%
1995 Toy Story
76%
1953 Peter Pan
75%
1959 Sleeping Beauty
75%
1961 101 Dalmatians
73%
1994 Lion King
73%
1989 Little Mermaid
71%
1998 Mulan
71%
1942 Bambi
69%
1941 Dumbo
67%
2013 Frozen
65%
1999 Toy Story 2
65%
2010 Toy Story 3
65%
1951 Alice in Wonderland
64%
1995 Pocahontas
64%
1955 Lady and the Tramp
62%
2019 Toy Story 4
62%
2006 Cars
60%
1997 Hercules
60%
2012 Brave
58%
1973 Robin Hood
58%
1999 Tarzan
58%
1977 The Rescuers
58%
1970 Aristocats
56%
2019 Frozen 2
56%
1996 Hunchback of Notre Dame
56%
2009 Princess and the Frog
56%
2010 Tangled
56%
1963 The Sword in the Stone
56%
1977 Winnie the Pooh
56%
1998 A Bugs Life
55%
2011 Cars 2
55%
2017 Cars 3
55%
1981 Fox and the Hound
55%
1985 The Black Cauldron
53%
1990 The Rescuers Down Under
53%
2021 Encanto
51%
1988 Oliver and Company
51%
2003 Finding Nemo
49%
1998 Lion King 2
49%
1964 Mary Poppins
49%
2016 Moana
45%
1944 The Three Caballeros
45%
2015 Inside Out
44%
2009 Up
44%
2012 Wreck It Ralph
44%
2017 Coco
42%
1942 Saludos Amigos
42%
2020 Soul
42%
1949 The Adventures of Ichabod and Mr Toad
42%
2016 Finding Dory
40%
2004 Incredibles
40%
2002 Lilo and Stitch
40%
2001 Monsters Inc
40%
1986 The Great Mouse Detective
40%
2008 WALLE
40%
2000 Dinosaur
38%
2000 Fantasia 2000
38%
2018 Incredibles 2
38%
1946 Make Mine Music
38%
1948 Melody Time
38%
2005 Mulan 2
38%
2018 Ralph Breaks the Internet
38%
2007 Ratatouille
38%
2001 Atlantis the Lost Empire
36%
2000 Emperors New Groove
36%
2016 Zootopia
36%
2008 Bolt
35%
1995 A Goofy Movie
33%
2005 Chicken Little
33%
2002 Cinderella 2
33%
2015 Good Dinosaur
33%
2000 Little Mermaid 2
33%
2021 Luca
33%
1977 Petes Dragon
33%
1947 Fun and Fancy Free
31%
2022 Turning Red
31%
1988 Who Framed Roger Rabbit
31%
2003 Brother Bear
29%
2007 Meet the Robinsons
29%
2020 Onward
29%
1998 Pocahontas 2
29%
1946 Song of the South
29%
1996 Aladdin and the King of Thieves
27%
2014 Big Hero 6
27%
1993 Nightmare Before Christmas
27%
2021 Raya and the Last Dragon
27%
1994 Return of Jafar
27%
2002 Treasure Planet
27%
1971 Bedknobs and Broomsticks
25%
2007 Cinderella 3
25%
2004 Home on the Range
25%
1996 James and the Giant Peach
25%
2013 Planes
25%
2006 Bambi 2
24%
2005 Tarzan 2
24%
1990 DuckTales the Movie
22%
2004 Lion King 1 1/2
22%
2002 Hunchback of Notre Dame 2
20%
2003 Jungle Book 2
20%
2001 Lady and the Tramp 2
20%
2008 Little Mermaid 3
20%
2002 Return to Neverland
20%
2008 Tinkerbell
20%
2003 101 Dalmatians 2
18%
1997 Beauty and the Beast the Enchanted Christmas
18%
2005 Lilo and Stitch 2
18%
2007 Enchanted
16%
2005 Kronks New Groove
16%
1943 Victory Through Air Power
16%
2006 Brother Bear 2
15%
2006 Fox and the Hound 2
15%
2000 Tigger Movie
15%
2011 Mars Needs Moms
13%
2018 Mary Poppins Returns
13%
2014 Planes Fire and Rescue
13%
2003 Atlantis Milos Return
11%
2012 Frankenweenie
9%
2003 Piglets Big Movie
9%
2009 A Christmas Carol
7%
2000 An Extremely Goofy Movie
7%
1999 Mickeys Once Upon a Christmas
7%
1999 Dougs 1st Movie
5%
2004 Mickeys Twice Upon a Christmas
5%
2001 Recess: School's Out
5%
2015 Strange Magic
5%
2006 Wild
5%
2007 Disney Princess Enchanted Tales
4%
2004 Mickey Donald Goofy The Three Musketeers
4%
2005 Poohs Heffalump Halloween Movie
4%
2005 Poohs Heffalump Movie
4%
2010 Tinkerbell and the Great Fairy Rescue
4%
2005 Valiant
4%
2005 Kim Possible So the Drama
2%
2002 Mickeys House of Villains
2%
2011 Phineas and Ferb the Movie
2%
2004 Springtime with Rooh
2%
2009 Tinkerbell and the Lost Treasure
2%
2014 Tinkerbell and the Pirate Fairy
2%
2012 Tinkerbell and the Secret of the Wings
2%
2004 Kim Possible A Sitch in Time
0%
2013 Monsters Unversity
0%
2017 Tangled: Before Ever After
0%
2005 The Proud Family Movie
0%
2015 Tinkerbell and the Legend of the NeverBeast
0%
No matching quizzes found
Score Distribution
Percent of People with Each Score
Percentile by Number Answered
Your Score History
You have not taken this quiz